|
|
|
|
| LEADER |
01304nam a2200313 a 4500 |
| 001 |
27302 |
| 003 |
BD-DhAAL |
| 005 |
20130819122438.0 |
| 008 |
130819s2010 enka b 001 0 eng |
| 020 |
|
|
|a 9781842779590 (hbk.)
|
| 020 |
|
|
|a 9781842779606 (pbk.)
|
| 020 |
|
|
|a 9781848139121 (ebk.)
|
| 040 |
|
|
|a UKM
|c UKM
|d BTCTA
|d YDXCP
|d C#P
|d NhCcYBP
|d BD-DhAAL
|
| 050 |
|
4 |
|a HB849.41
|b .D97 2010
|
| 082 |
0 |
4 |
|a 304.6
|2 22
|
| 100 |
1 |
|
|a Dyson, Tim,
|c M. Sc.
|9 2672
|
| 245 |
1 |
0 |
|a Population and development :
|b the demographic transition /
|c Tim Dyson.
|
| 260 |
|
|
|a London ;
|a New York :
|b Zed ;
|b Distributed in the USA exclusively by Palgrave Macmillan,
|c 2010.
|
| 300 |
|
|
|a xv, 268 p. :
|b ill. ;
|c 23 cm.
|
| 504 |
|
|
|a Includes bibliographical references and index.
|
| 541 |
|
|
|e 27302
|
| 650 |
|
0 |
|a Population
|x Economic aspects.
|9 2673
|
| 650 |
|
0 |
|a Population
|x Economic aspects
|x History.
|9 2674
|
| 650 |
|
0 |
|a Economic development
|x Social aspects.
|9 1944
|
| 651 |
|
0 |
|a Southern Hemisphere
|x Population
|x Economic aspects.
|9 2675
|
| 710 |
2 |
|
|a Economic and Social Research Council (Great Britain)
|9 2676
|
| 942 |
|
|
|2 ddc
|c BK
|
| 999 |
|
|
|c 13853
|d 13853
|
| 952 |
|
|
|0 0
|1 0
|2 ddc
|4 0
|6 304_600000000000000_DYS
|7 0
|9 23182
|a IGS
|b IGS
|c GEN
|d 2013-08-19
|e Karim International
|g 3300.00
|l 0
|o 304.6 DYS
|p 3010027302
|r 2013-08-19
|t 1
|w 2013-08-19
|y BK
|